banner-ar

الفتوح الاسلامية : (Record no. 62984)

MARC details
000 -الفاتح
حقل البيانات ثابتة الطول 01222nam a2200277 4500
005 - وقت وتاريخ اخر تعامل مع التسجيلة
رقم الضبط 20240530110617.0
008 - عناصر البيانات ثابتة الطول - معلومات عامة
حقل البيانات ثابتة الطول 160625s2013 ua ||||g |b|| 00| 0 ara d
017 ## - رقم الايداع القانونى
رقم الايداع القانونى 2013/14719
المصدر ( الهيئة المختصة) مصر. دار الكتب المصرية
020 ## - الرقم الدولى المعيارى للكتب
الرقم الدولى المعيارى للكتاب 9789773223120
040 ## - مصدر الفهرسة
وكالة الفهرسة الأصلية EG-CaGPL
041 1# - رمز اللغة
رمز لغة النص/ المسارات الصوتية أو العنوان الانفرادي ara
رمز لغة الترجمات و/او الاصلية المتوسطة للنص eng
082 04 - رقم تصنيف ديوى العشرى
رقم التصنيف 953/
رقم المادة ك ف
رقم الطبعة 21
100 1# - المدخل الرئيسى - إسم شخصى
الإسم الشخصى كيندى ، هيو
240 14 - العنوان الموحد
عنوان موحد The great Arab conquests : how the spread of Islam changed the world we live in ?
لغة العمل Arabic.
245 12 - بيان العنوان
العنوان الفتوح الاسلامية :
بقية العنوان كيف غير انتشار الاسلام العالم الذى نعيش فيه /
بيان المسئوليه,etc هيو كينيدى ؛ ترجمة وتقديم وتعليق قاسم عبده قاسم.
250 ## - بيان الطبعة
بيان الطبعة ط .1.
260 ## - PUBLICATION, DISTRIBUTION, ETC. (IMPRINT)
تاريخ النشر أو التوزيع 2013.
300 ## - الوصف المادى
التعداد 442 ص. ؛
أبعاد الوعاء 24 سم.
504 ## - تبصرة ببليوجرافية
تبصرة ببليوجرافية,الخ ببليوجرافية : ص. 403-442.
650 04 - المدخل الاضافى بالموضوع-مصطلح موضوعى
مصطلح موضوعي الفتوحات الاسلامية
650 04 - المدخل الاضافى بالموضوع-مصطلح موضوعى
مصطلح موضوعي التاريخ الاسلامى
700 0# - المدخل الاضافى - اسم شخصى
الإسم الشخصى قاسم عبده قاسم
الدور مترجم.
942 ## - عناصر المدخل الإضافي( كوها)
مصدر التصنيف او مخطط الترفيف Dewey Decimal Classification
Koha [default] item type كتاب
260 ## - PUBLICATION, DISTRIBUTION, ETC. (IMPRINT)
-- الجيزة، مصر :
-- عين للدارسات والبحوث الانسانية والاجتماعية،
546 ## - تبصرة اللغة
تبصرة اللغة الكتاب مترجم بالعربية.
Holdings
حالة التراجع حالة الفقد حالة تلف ليس للاعارة المكان المؤقت الموقع الحالى موقع الترفيف تاريخ الاكتساب اجمالي اﻻعارات رقم الطلب الباركود تاريخ اخر مشاهدة تاريخ تفعيل السعر نوع وعاء كوها
        مكتبة القاهرة الكبرى مكتبة القاهرة الكبرى القاعة الرئيسية 12/04/2016   953/ ك ف 162924 12/04/2016 12/04/2016 كتاب

Powered By

EGPV